| 000 | 00511nam a22001577a 4500 | ||
|---|---|---|---|
| 005 | 20231214151848.0 | ||
| 008 | 231214b |||||||| |||| 00| 0 eng d | ||
| 082 |
_a615.831 _bSAI-N |
||
| 100 | _aSaima Aamir Azeemi | ||
| 245 |
_aNew Advancements in Colour Therapy: _btextbook _cSaima Aamir Azeemi |
||
| 260 |
_aPakistan _bAzeemi university press |
||
| 300 | _a238 | ||
| 500 | _aThis book is printed in 2 different languages english and urdu in a same binding, | ||
| 650 | _aAllied health science | ||
| 999 |
_c34926 _d34926 |
||